Say Please! Click Quiz - Statistics

General Stats
  • This quiz has been taken 12 times
  • The average score is 8 of 20
Answer Stats
Hint Answer % Correct
Por favor Spanish
100%
Please English
90%
S’il vous plaît French
90%
Per favore Italian
70%
Bitte German
60%
Asseblief Afrikaans
40%
Proszę Polish
40%
Làm ơn Vietnamese
40%
Os gwelwch yn dda Welsh
40%
Venligst Danish
30%
Kérem Hungarian
30%
Vinsamlegast Icelandic
30%
Tolong Indonesian
30%
Prosím Czech
20%
Lütfen Turkish
20%
Ngiyacela Zulu
20%
Molim Croatian
10%
Sila Malay
10%
Fadlan Somali
10%
Ju lutem Albanian
0%
No matching quizzes found
Score Distribution
Percent of People with Each Score
Percentile by Number Answered
Your Score History
You have not taken this quiz